Entry Término temático
001 - NÚMERO DE CONTROL
- campo de control: 24299
003 - IDENTIFICADOR DEL NÚMERO DE CONTROL
- campo de control: BNPHU
005 - FECHA Y HORA DE LA ÚLTIMA TRANSACCIÓN
- campo de control: 20260127115453.0
008 - DATOS DE LONGITUD FIJA
- campo de control de longitud fija: 200615|| aza||aabn | a|a d
010 ## - NÚMERO DE CONTROL DE LA BIBLIOTECA DEL CONGRESO
- Número de control de LC: sh 85143810
040 ## - FUENTE DE LA CATALOGACIÓN
- Centro catalogador/agencia de origen: DO-SdBNP
- Lengua de catalogación: spa
- Centro/agencia transcriptor: BNPHU
- Normas de descripción: rda
150 ## - ENCABEZAMIENTO--TÉRMINO DE MATERIA
- Término de materia o nombre geográfico como elemento de entrada: Virtudes
360 ## - REFERENCIA COMPLEJA DE VÉASE ADEMÁS-MATERIA
- Texto explicativo: Virtudes específicas, por ejemplo
- Encabezamiento referido a: Caridad, Bondad, Paciencia
550 ## - TRAZADO VÉASE ADEMÁS--TÉRMINO DE MATERIA
- Término de materia o nombre geográfico como elemento de entrada: Virtud
- Subcampo de control: g
550 ## - TRAZADO VÉASE ADEMÁS--TÉRMINO DE MATERIA
- Término de materia o nombre geográfico como elemento de entrada: Virtudes cardinales
- Subcampo de control: h
550 ## - TRAZADO VÉASE ADEMÁS--TÉRMINO DE MATERIA
- Término de materia o nombre geográfico como elemento de entrada: Diligencia
- Subcampo de control: h
550 ## - TRAZADO VÉASE ADEMÁS--TÉRMINO DE MATERIA
- Término de materia o nombre geográfico como elemento de entrada: Excelencia
- Subcampo de control: h
550 ## - TRAZADO VÉASE ADEMÁS--TÉRMINO DE MATERIA
- Término de materia o nombre geográfico como elemento de entrada: Gratitud
- Subcampo de control: h
550 ## - TRAZADO VÉASE ADEMÁS--TÉRMINO DE MATERIA
- Término de materia o nombre geográfico como elemento de entrada: Justicia (Virtud)
- Subcampo de control: h
550 ## - TRAZADO VÉASE ADEMÁS--TÉRMINO DE MATERIA
- Término de materia o nombre geográfico como elemento de entrada: Virtudes teológicas
- Subcampo de control: h
550 ## - TRAZADO VÉASE ADEMÁS--TÉRMINO DE MATERIA
- Término de materia o nombre geográfico como elemento de entrada: Tolerancia
- Subcampo de control: h
670 ## - FUENTE DE DATOS ENCONTRADOS
- Cita de la fuente: Work cat.: (OSt)9248: Marizán, Jaime Antonio 24298, El libro de las virtudes /, 1992.
670 ## - FUENTE DE DATOS ENCONTRADOS
- Identificador Uniforme del Recurso: https://librunam.dgb.unam.mx:8443/F/SC9VSNUALK1ERSA7QVSLE98PBU5UD8P9Q5FRHQ6L59YMG5YQRY-01564?func=full-set-set&set_number=001085&set_entry=000001&format=001 Consultado en 27 de Enero, 2026
680 ## - NOTA GENERAL PÚBLICA
- Texto explicativo: Aquí se asientan las obras que discuten colectivamente las diferentes virtudes individuales. Las obras sobre el concepto de virtud se asientan bajo
- Encabezamiento o término de subdivisión: Virtud
681 ## - NOTA DE EJEMPLO DE TRAZADO DE MATERIA
- Texto explicativo: Nota bajo |a Virtud
750 0# - ENTRADA DE ENLACE DE ENCABEZAMIENTO ESTABLECIDO--TÉRMINO DE MATERIA
- Término de materia o nombre geográfico como elemento de entrada: Virtues
- Número de control del registro de autoridad o número normalizado: sh 85143810
